Human Behavior at Work Organizational Behavior
Gespeichert in:
| 1. Verfasser: | |
|---|---|
| Weitere Verfasser: | |
| Format: | Buch |
| Sprache: | Englisch |
| Veröffentlicht: |
New York
MacGraw-Hill Book Co.
1989
|
| Ausgabe: | 8. ed. |
| Schlagworte: | |
| Tags: |
Keine Tags, Fügen Sie das erste Tag hinzu!
|
MARC
| LEADER | 00000nam a2200000 4500 | ||
|---|---|---|---|
| 001 | c021188 | ||
| 005 | 20221206131332.0 | ||
| 020 | |a 0-07-015574-7 | ||
| 041 | 0 | |a eng | |
| 044 | |a US | ||
| 245 | 1 | 0 | |a Human Behavior at Work |b Organizational Behavior |c Keith Davis, John W. Newstrom |
| 250 | |a 8. ed. | ||
| 264 | 1 | |a New York |b MacGraw-Hill Book Co. |c 1989 | |
| 300 | |a 643 s. | ||
| 610 | 2 | 0 | |a správanie organizačné |
| 610 | 2 | 0 | |a vzťahy medziľudské |
| 610 | 2 | 0 | |a vzťahy pracovné |
| 610 | 2 | 0 | |a práca |
| 610 | 2 | 0 | |a systémy sociálne |
| 610 | 2 | 0 | |a zamestnanci |
| 610 | 2 | 0 | |a podnik |
| 610 | 2 | 0 | |a zdroje ľudské |
| 610 | 2 | 0 | |a kultúra pracoviska |
| 610 | 2 | 0 | |a komunikácia |
| 610 | 2 | 0 | |a motivácia pracovná |
| 610 | 2 | 0 | |a odmeňovanie |
| 610 | 2 | 0 | |a podiely na zisku |
| 610 | 2 | 0 | |a pracovníci vedúci |
| 610 | 2 | 0 | |a kontrola |
| 610 | 2 | 0 | |a manažment |
| 610 | 2 | 0 | |a skupiny pracovné |
| 610 | 2 | 0 | |a produktivita práce |
| 610 | 2 | 0 | |a vývoj podniku |
| 610 | 2 | 0 | |a teória organizácie |
| 610 | 2 | 0 | |a úroveň životná |
| 610 | 2 | 0 | |a politika sociálna podniková |
| 100 | 1 | |a Davis, Keith | |
| 700 | 1 | |a Newstrom, John W. | |